000 02187nam a22002537a 4500
008 210513cr ||||| |||| 00| 0 spa d
020 _a978-987-630-258-6
040 _aAR-FvUNAJ
_dAR-FvUNAJ
082 _214
_a336
245 0 0 _aNotas de economía plebeya /
_cCompiladores Hugo Andrade, Alejandro López Accotto, Carlos R. Martínez, Martín Manga
260 _aLos Polvorines :
_bUniversidad Nacional de General Sarmiento,
_c2016.
300 _a148 p.
_bdigital
440 _91130
_aPolítica, politicas y sociedad
_v26
520 1 _aLa noción de la Universidad como derecho colectivo, más amplio que la mera posibilidad individual de acceder a la educación superior, implica que las grandes mayorías (que las financian con sus impuestos) deben poder apropiarse de la producción de las universidades. Entonces, intervenir en los debates nacionales no es ya una posibilidad más para quienes formamos parte de la comunidad universitaria, sino una obligación política, en tanto es una de las vías para dicha apropiación popular de nuestro trabajo. Atento a ello, este libro compila treinta y tres columnas de opinión de investigadores y docentes del Instituto del Conurbano, que trabajan en la línea de investigación de economía y finanzas del sector público, publicadas en el diario Página/12 entre 2008 y 2016. Tal compilación, contextualizada por expertos en finanzas públicas, economía y políticas públicas, permite apreciar las vinculaciones entre temas diversos: coparticipación federal y bonaerense, peso del gasto público (en la reducción de la pobreza estructural, el financiamiento de la infraestructura local y la ampliación del derecho a la universidad, sesgos distributivos del sistema tributario, presupuesto y deuda pública.
650 2 7 _aECONOMIA
_9524
_2unescot
650 2 7 _2unescot
_9398
_aFINANZAS
651 7 _9326
_aARGENTINA
_2unescot
700 1 _94684
_aLópez Accotto, Alejandro
_ecomp.
700 1 _94685
_aMartínez, Carlos R.
_ecomp.
700 1 _94687
_aMangas, Martín
_ecomp.
856 4 1 _uhttps://www.ungs.edu.ar/libro/notas-de-economia-plebeya-2
942 _2ddc
_cLIBRO
980 _62
_aVirginia Figueroa
_gClaudia Naveiras
_811876
999 _c6698
_d6698